[Event "Druzynowe Mistrzostwa Polski - II Liga 2023"]
[Site "Jastrzebia Gora"]
[Date "1899-12-30"]
[Round "6.17"]
[White "Krasiewicz, Robert"]
[Black "Strepikowski, Pawel"]
[Result "1-0"]
[WhiteTitle "k+"]
[BlackTitle "I"]
[WhiteElo "1945"]
[BlackElo "1855"]

1. c4 e5 2. g3 Nc6 3. Bg2 f5 4. Nc3 Nf6 5. e3 g6 6. Rb1 a5 7. a3 Bg7 8. b4 O-O
9. b5 Ne7 10. Nge2 d6 11. d4 e4 12. f3 exf3 13. Bxf3 Be6 14. d5 Bf7 15. Nd4 Qd7
16. O-O Nc8 17. Ne6 Bxe6 18. dxe6 Qxe6 19. Nd5 Qd7 20. Nxf6+ Bxf6 21. Bxb7 Rb8
22. e4 fxe4 23. Bh6 Nb6 24. Bxf8 Rxf8 25. Bxe4 Kg7 26. Qd3 Qg4 27. Rf4 Qg5 28.
Kg2 Qc5 29. Bd5 Nd7 30. Re1 Ne5 31. Qe3 Qxe3 32. Rxe3 Rb8 33. Rf1 Re8 34. h3 Rf8
35. Re2 Re8 36. g4 Re7 37. Kg3 h6 38. h4 Re8 39. g5 hxg5 40. hxg5 Bxg5 41. Rf7+
Nxf7 42. Rxe8 Nd8 43. Kg4 Bf6 44. a4 Kh6 45. Kf4 Kg7 46. Ke4 Kh6 47. Kd3 Kg5 48.
Rg8 Kh5 49. Bf3+ Kh6 50. Be4 Kh5 51. Rxg6 Bg5 52. Rg8 Ne6 53. Ra8 Nc5+ 54. Kd4
Nxa4 55. Rxa5 Nb6 56. Ra7 Bf6+ 57. Kd3 Bd8 58. Ra1 Kg5 59. Rf1 Bf6 60. Bd5 Kg6
61. Be6 Na4 62. Rg1+ Bg5 63. Kd4 Kf6 64. Bh3 Nb6 65. Re1 Kf7 66. Bf1 Bd2 67. Rb1
Bg5 68. Re1 Bd2 69. Re4 Bc1 70. Bh3 Ba3 71. Ke3 Kf6 72. Kd4 Bb2+ 73. Kd3 Kf7 74.
Kc2 Be5 75. Kb3 Ke7 76. Kb4 Kd8 77. Ka5 Nd7 78. Bxd7 Kxd7 79. Ka6 Kc8 80. c5 Bg3
81. b6 cxb6 82. cxb6 d5 83. Rd4 1-0

[Event "Druzynowe Mistrzostwa Polski - II Liga 2023"]
[Site "Jastrzebia Gora"]
[Date "1899-12-30"]
[Round "6.18"]
[White "Kawa, Anna"]
[Black "Michalska, Aleksandra"]
[Result "0-1"]
[WhiteTitle "I++"]
[BlackTitle "I++"]
[WhiteElo "1665"]
[BlackElo "1844"]

1. e4 e5 2. Nf3 Nc6 3. c3 Nf6 4. d4 d5 5. dxe5 Nxe4 6. Bd3 Bg4 7. O-O Bxf3 8. gxf3
Nc5 9. Bb5 g5 10. Be3 Ne6 11. Qa4 Qd7 12. Rd1 Bg7 13. Nd2 Bxe5 14. Nc4 Bd6 15.
Na5 Ned8 16. Nxb7 O-O 17. Nxd8 Qh3 18. Qg4 Qxg4+ 19. fxg4 Nxd8 20. Bxg5 Ne6 21.
Bh6 Rfd8 22. Bc6 Rab8 23. Rab1 Bf4 24. Bxf4 Nxf4 25. Kf1 Rd6 26. Ba4 Rh6 27. Kg1
Rg6 28. f3 h5 29. Bc2 Rgb6 30. b3 Ne2+ 31. Kf2 Nxc3 32. Rg1 Nxb1 33. gxh5+ Kf8
34. Bxb1 Rh6 35. Rg5 c6 36. Bd3 Rb4 37. Rg4 Rb8 38. Rg5 Ke7 39. Kg3 Rbh8 40. Kg4
Kd6 41. Rf5 f6 42. b4 Ke6 43. a4 Rg8+ 44. Kf4 Rg2 45. b5 c5 46. a5 Rxh2 47. b6
axb6 48. axb6 c4 49. Bf1 Rb2 50. Bh3 Kd6 51. Ke3 Rxb6 52. Kd4 Rb5 53. Bf1 Kc6
54. f4 Rb1 55. Bg2 Rd1+ 56. Kc3 Kd6 57. Kb4 Rd3 58. Bf1 Rb3+ 59. Ka4 0-1

[Event "Druzynowe Mistrzostwa Polski - II Liga 2023"]
[Site "Jastrzebia Gora"]
[Date "1899-12-30"]
[Round "6.19"]
[White "Malisauskas, Vidmantas"]
[Black "Grela, Kacper"]
[Result "0-1"]
[WhiteTitle "GM"]
[BlackTitle "FM"]
[WhiteElo "2344"]
[BlackElo "2355"]

1. e4 c5 2. Nf3 Nc6 3. d4 cxd4 4. Nxd4 Nf6 5. Nc3 d6 6. Bg5 e6 7. Qd2 a6 8. O-O-O
Bd7 9. f4 Be7 10. Nf3 b5 11. Kb1 b4 12. Bxf6 Bxf6 13. Ne2 Be7 14. Ned4 Qb6 15.
g4 Nxd4 16. Nxd4 a5 17. g5 a4 18. h4 Qc5 19. Bh3 a3 20. b3 O-O 21. Rhf1 Rac8 22.
Rf3 Rfe8 23. h5 Bf8 24. g6 Qxh5 25. gxf7+ Qxf7 26. Qxb4 d5 27. Qe1 dxe4 28. Qxe4
g6 29. Bf1 Bg7 30. Bb5 Red8 31. Bxd7 Rxd7 32. Rfd3 Rd6 33. c3 Rf8 34. Ne2 Rxd3
35. Qxd3 e5 36. fxe5 Bxe5 37. Kc2 h5 38. Qe3 Qf5+ 39. Rd3 h4 40. Kd2 Bf6 41. Nd4
Bxd4 42. cxd4 Qf1 43. Qg5 Rf2+ 44. Kc3 Qe1+ 45. Kc4 Rc2+ 46. Kb5 Qe8+ 47. Kb4
Qf8+ 48. Ka4 Qa8+ 49. Kb4 Qb7+ 50. Kxa3 Qa6+ 51. Kb4 Qxd3 52. Qd8+ Kf7 53. Qd5+
Kg7 54. Qe5+ Kh6 0-1

[Event "Druzynowe Mistrzostwa Polski - II Liga 2023"]
[Site "Jastrzebia Gora"]
[Date "1899-12-30"]
[Round "6.20"]
[White "Kolodziejski, Piotr"]
[Black "Marszk, Kazimierz"]
[Result "1-0"]
[WhiteTitle "k"]
[BlackTitle "FM"]
[WhiteElo "2276"]
[BlackElo "1801"]

1. e4 c5 2. Nf3 g6 3. c4 Bg7 4. d4 cxd4 5. Nxd4 Nf6 6. Nc3 O-O 7. Be3 Nc6 8. Be2
d6 9. O-O Bd7 10. h3 Rc8 11. b3 a6 12. Rc1 Nxd4 13. Bxd4 Bc6 14. Qd3 e5 15. Be3
Qe7 16. Rfd1 Rfd8 17. Bb6 Re8 18. Bg4 Nxg4 19. hxg4 Bf8 20. Qg3 g5 21. a4 Qe6
22. Rd3 Qg6 23. f3 Bd7 24. Rcd1 Be6 25. Qf2 Kg7 26. Ne2 Rc6 27. Ng3 Rec8 28. Kf1
Kg8 29. a5 Be7 30. Qd2 h6 31. Kf2 f6 32. Rh1 Kf7 33. Nf1 Rh8 34. Ng3 Rhc8 35.
Ke2 Bf8 36. Nf1 Kg7 37. Ne3 Qf7 38. Nc2 Re8 39. Nb4 Rcc8 40. Kf2 Be7 41. Nc2 Rc6
42. Qd1 Rh8 43. Ne3 Rhc8 44. Qd2 Qg6 45. g3 Rh8 46. Rh5 Rf8 47. Rh2 Kf7 48. Qd1
Rg8 49. Rd2 Rh8 50. Rh5 Kf8 51. Kf1 Kf7 52. Rdh2 Bf8 53. Qd3 Be7 54. Nf5 Bf8 55.
Ne3 Kg7 56. Ke1 Qf7 57. Kd1 Kg8 58. Rc2 Be7 59. Kc1 Kg7 60. Rch2 Bf8 61. Kb2 Be7
62. Qd1 Qg6 63. Nc2 Qf7 64. Nb4 Rcc8 65. Nc2 Rc6 66. Qd3 Rcc8 67. Ne3 Rc6 68.
Qd1 Bf8 69. Ka2 Be7 70. f4 Qe8 71. Qh1 exf4 72. gxf4 gxf4 73. Nf5+ Bxf5 74. gxf5
Bf8 75. Rxh6 Rxh6 76. Rxh6 Kf7 77. Qh5+ Ke7 78. Rh7+ 1-0

[Event "Druzynowe Mistrzostwa Polski - II Liga 2023"]
[Site "Jastrzebia Gora"]
[Date "1899-12-30"]
[Round "6.21"]
[White "Grajczak, Adrian"]
[Black "Kejna, Piotr"]
[Result "0-1"]
[WhiteTitle "I++"]
[BlackTitle "CM"]
[WhiteElo "1858"]
[BlackElo "2267"]

1. e4 c5 2. Nf3 d6 3. Bb5+ Bd7 4. c4 Nf6 5. Nc3 g6 6. d3 Bg7 7. Bxd7+ Nfxd7 8.
Be3 Nc6 9. Qd2 Nd4 10. Bxd4 cxd4 11. Ne2 e5 12. O-O O-O 13. b4 f5 14. exf5 gxf5
15. Qg5 Qe8 16. Ng3 Qg6 17. Qxg6 hxg6 18. Nd2 Rfe8 19. Rfe1 Re7 20. Nb3 Rae8 21.
f3 Bh6 22. Nf1 Nf6 23. a4 d5 24. c5 Kf7 25. Rad1 g5 26. g3 Rc7 27. h3 Nd7 28.
g4 f4 29. Rc1 Rec8 30. Nfd2 Bf8 31. Nb1 b6 32. Na3 a6 33. b5 bxc5 34. bxa6 Ra7
35. Nb5 Rxa6 36. Ra1 c4 37. dxc4 Rxc4 38. Rec1 Raxa4 39. Rxa4 Rxa4 40. Rc7 Ke8
41. Rc8+ Ke7 42. Nc7 Ra3 43. Re8+ Kf7 44. Rd8 Nf6 45. Nd2 Rd3 46. Nf1 Be7 47.
Rh8 Rc3 48. Nb5 Rxf3 0-1

[Event "Druzynowe Mistrzostwa Polski - II Liga 2023"]
[Site "Jastrzebia Gora"]
[Date "1899-12-30"]
[Round "6.22"]
[White "Komendecki, Antoni"]
[Black "Brylowski, Marian"]
[Result "0-1"]
[WhiteTitle "I++"]
[BlackTitle "I++"]
[WhiteElo "1951"]
[BlackElo "1927"]

1. e4 e5 2. Nf3 Nc6 3. d4 exd4 4. Nxd4 Bc5 5. Nb3 Bb6 6. Bd3 d6 7. Nc3 a6 8. O-O
Nge7 9. Nd5 Nxd5 10. exd5 Ne5 11. Re1 O-O 12. Be3 Bg4 13. f3 Qg5 14. Nd4 Bxf3
15. Bxh7+ Kxh7 16. Bxg5 Bxd1 17. Raxd1 Rfe8 18. Kf1 Nc4 19. b3 Rxe1+ 20. Rxe1
Bxd4 21. bxc4 Be5 22. h3 Kg6 23. Be3 b6 24. Ke2 Re8 25. Kd3 Rh8 26. Bd4 f6 27.
Re4 Rh5 28. Bxe5 fxe5 29. Re1 Rf5 30. Re2 Rf4 31. Re3 Rd4+ 32. Kc3 Rf4 33. Kd3
Kf5 34. g3 Rf2 35. a3 g5 36. Re1 Rf3+ 37. Re3 Rf1 38. Ke2 Rh1 39. Rf3+ Ke4 40.
Rf7 Rh2+ 41. Kf1 Rxc2 42. Rxc7 b5 43. Rc6 bxc4 44. Rxd6 c3 45. Rc6 Kxd5 46. Rc8
Kd4 47. Ke1 Ra2 48. h4 gxh4 49. gxh4 Kd3 50. Rd8+ Ke3 51. Kd1 Rd2+ 0-1

[Event "Druzynowe Mistrzostwa Polski - II Liga 2023"]
[Site "Jastrzebia Gora"]
[Date "1899-12-30"]
[Round "6.23"]
[White "Brylowski, Stefan"]
[Black "Madera, Mateusz"]
[Result "1-0"]
[WhiteTitle "I++"]
[BlackTitle "I+"]
[WhiteElo "1942"]
[BlackElo "1880"]

1. d4 Nf6 2. Nf3 e6 3. e3 d5 4. Bd3 c5 5. b3 Bd6 6. Bb2 O-O 7. Nbd2 b6 8. Ne5 cxd4
9. exd4 Ba6 10. Bxa6 Nxa6 11. f4 Rc8 12. O-O Nb4 13. c3 Nc6 14. Qe2 Nd7 15. Rae1
Re8 16. Rf3 f6 17. Nxc6 Rxc6 18. Qb5 Nb8 19. f5 a6 20. Qe2 e5 21. Rh3 e4 22. Qh5
h6 23. Qg6 Bf4 24. Nf1 Nd7 25. Qg4 Qc7 26. g3 Bd6 27. Rxh6 Bf8 28. Qg6 Rc8 29.
Rh7 Rxc3 30. Qh5 1-0

[Event "Druzynowe Mistrzostwa Polski - II Liga 2023"]
[Site "Jastrzebia Gora"]
[Date "1899-12-30"]
[Round "6.24"]
[White "Budkiewicz, Magdalena"]
[Black "Baginskaite, Kamile"]
[Result "0-1"]
[WhiteTitle "k+"]
[BlackTitle "WGM"]
[WhiteElo "1762"]
[BlackElo "2097"]

1. e4 c5 2. Nf3 d6 3. d4 cxd4 4. Nxd4 Nf6 5. Nc3 a6 6. Be2 e5 7. Nb3 Be7 8. Bg5
Nbd7 9. a4 b6 10. Nd2 Bb7 11. Nc4 h6 12. Bh4 g5 13. Bg3 Nxe4 14. Nxe4 Bxe4 15.
Nxd6+ Bxd6 16. Qxd6 Qe7 17. O-O-O Rc8 18. Qxe7+ Kxe7 19. Bd3 Bxd3 20. Rxd3 Nc5
21. Rd5 f6 22. Rhd1 Rc7 23. f3 Rhc8 24. c3 Nxa4 25. Bf2 h5 26. Rd6 Rb7 27. h4
g4 28. fxg4 hxg4 29. h5 Rh8 30. Bh4 Rh6 31. Rxf6 Rxf6 32. Rf1 Nc5 33. Rxf6 Ne6
34. Rf5+ Kd6 35. Bg3 Nc5 36. Kc2 Ne4 37. Bh4 Ke6 38. Rf8 Rh7 39. Re8+ Kd5 40.
Rg8 Rxh5 41. Rxg4 b5 42. b3 Rf5 43. Be7 a5 44. Bd8 Rf2+ 45. Kd3 Nc5+ 46. Ke3 Rf4
47. Rxf4 exf4+ 48. Kf3 Nxb3 49. Kxf4 a4 50. c4+ Kxc4 51. Bf6 a3 52. g4 Nd4 53.
Ke3 b4 54. Bxd4 b3 55. Bf6 b2 0-1

[Event "Druzynowe Mistrzostwa Polski - II Liga 2023"]
[Site "Jastrzebia Gora"]
[Date "1899-12-30"]
[Round "6.25"]
[White "Sopur, Lech"]
[Black "Klepek, Witold"]
[Result "1-0"]
[WhiteTitle "m"]
[BlackTitle "k++"]
[WhiteElo "2415"]
[BlackElo "2299"]

1. Nf3 d5 2. c4 e6 3. e3 Nf6 4. b3 c5 5. Bb2 Nc6 6. cxd5 exd5 7. Bb5 Bd6 8. O-O
O-O 9. h3 Qe7 10. d4 cxd4 11. exd4 Nd8 12. Nc3 Ne6 13. Re1 Qd8 14. Ne5 Qb6 15.
Nf3 Nf4 16. Bf1 Bf5 17. Ne5 Ne6 18. Na4 Qd8 19. Qf3 Be4 20. Qe3 Nd7 21. Rad1 Rc8
22. Nc3 Nf6 23. g4 h6 24. Bd3 Bxd3 25. Rxd3 Re8 26. Rdd1 Qa5 27. Qd3 Bb4 28. Re3
Nf4 29. Qf5 Bxc3 30. Rc1 Ne6 31. Bxc3 Qxa2 32. Ra1 Qxb3 33. Rb1 Qa3 34. Nxf7 Rxc3
35. Rxe6 Rc1+ 36. Kg2 Rxe6 37. Nxh6+ Kh8 38. Rxc1 Qxc1 39. Nf7+ Kg8 40. Qxe6 Qc6
41. Nd6+ Kh8 42. Qe5 Qc2 43. g5 Ne4 44. Qe8+ Kh7 45. Qh5+ Kg8 46. Qf7+ Kh7 47.
g6+ Kh6 48. Qf4+ Ng5 49. Nf7+ Kxg6 50. Ne5+ Kh7 51. Qxg5 Qe4+ 52. Nf3 a5 53. Qd8
a4 54. Kg3 Qg6+ 55. Ng5+ Kh6 56. f4 Qd3+ 57. Kh4 Qxd4 58. Qh8+ Kg6 59. Qh5+ 1-0

[Event "Druzynowe Mistrzostwa Polski - II Liga 2023"]
[Site "Jastrzebia Gora"]
[Date "1899-12-30"]
[Round "6.26"]
[White "Musial, Tomasz"]
[Black "Goszczynski, Andrzej"]
[Result "1/2-1/2"]
[WhiteTitle "CM"]
[BlackTitle "I+"]
[WhiteElo "2184"]
[BlackElo "2076"]

1. e4 c5 2. Nf3 e6 3. g3 Nc6 4. Bg2 g6 5. d4 cxd4 6. Nxd4 Qb6 7. Nb3 Bg7 8. O-O
Nge7 9. Be3 Qc7 10. Na3 O-O 11. Nb5 Qb8 12. Bc5 Be5 13. f4 Bc7 14. e5 Rd8 15.
a4 Nf5 16. Nxc7 Qxc7 17. g4 d6 18. exd6 Nxd6 19. Qe2 b6 20. Bf2 Bb7 21. Nd4 Nb4
22. Bxb7 Qxb7 23. c3 Nd5 24. Bg3 Rac8 25. Rad1 Nc4 26. Rd3 Re8 27. b3 Nd6 28.
c4 Nb4 29. Re3 Red8 30. Be1 Na6 31. Nb5 Nc5 32. Nxd6 Rxd6 33. Qc2 f5 34. gxf5
exf5 35. Bb4 Rcd8 36. Rfe1 R6d7 37. Re8+ Rxe8 38. Rxe8+ Kf7 39. Rh8 Ke6 40. Re8+
Kf7 41. Rh8 Ke6 42. Re8+ 1/2-1/2

[Event "Druzynowe Mistrzostwa Polski - II Liga 2023"]
[Site "Jastrzebia Gora"]
[Date "1899-12-30"]
[Round "6.27"]
[White "Gradowski, Jacek"]
[Black "Zarnowski, Krzysztof"]
[Result "0-1"]
[WhiteTitle "k"]
[BlackTitle "k"]
[WhiteElo "2072"]
[BlackElo "2113"]

1. d4 d5 2. c4 e6 3. Nc3 dxc4 4. a4 c5 5. Nf3 a6 6. e3 Nf6 7. Bxc4 Nc6 8. O-O Qc7
9. d5 exd5 10. Nxd5 Nxd5 11. Qxd5 Na5 12. Ba2 Be6 13. Qe4 Qc6 14. Qxc6+ Nxc6 15.
Bxe6 fxe6 16. Ng5 Ke7 17. Bd2 Rd8 18. Rfd1 Kf6 19. h4 e5 20. f4 Be7 21. Rf1 Kg6
22. f5+ Kh5 23. Ne4 Bxh4 24. g3 Be7 25. Kg2 Kg4 26. Rf3 h5 27. Raf1 h4 28. gxh4
Bxh4 29. Be1 Rd1 30. Bxh4 Rxf1 31. Nf2+ Rxf2+ 32. Bxf2 Rh2+ 33. Kxh2 Kxf3 34.
Bh4 Kxe3 35. Kg3 Ke4 36. Kg4 Nd4 37. f6 gxf6 38. Bxf6 Nc6 39. Kg3 Ke3 40. Kg2
Ke2 41. Kg3 Kd3 42. Kf3 Nd4+ 43. Kf2 e4 44. Bg5 Nc2 0-1

[Event "Druzynowe Mistrzostwa Polski - II Liga 2023"]
[Site "Jastrzebia Gora"]
[Date "1899-12-30"]
[Round "6.28"]
[White "Swider, Pawel"]
[Black "Flis, Pawel"]
[Result "1-0"]
[WhiteTitle "I++"]
[BlackTitle "CM"]
[WhiteElo "1944"]
[BlackElo "1948"]

1. d4 Nf6 2. c4 c5 3. d5 b5 4. cxb5 a6 5. bxa6 e6 6. Nc3 exd5 7. Nxd5 Be7 8. Nxe7
Qxe7 9. e3 O-O 10. Nf3 d5 11. Be2 Bxa6 12. Bxa6 Rxa6 13. O-O Nc6 14. Bd2 Ne4 15.
Bc3 Nxc3 16. bxc3 Qe4 17. Qb1 Rfa8 18. Qb5 c4 19. Rfb1 h5 20. a4 g6 21. Rd1 Ne7
22. h3 Ra5 23. Qb4 Kg7 24. Nd4 h4 25. Ra2 R8a6 26. Rda1 Qe5 27. Qb7 Ra7 28. Qb1
R7a6 29. Qd1 Nf5 30. Nxf5+ Qxf5 31. Rb2 Qe5 32. Ra3 Qe4 33. Rb7 Qe5 34. Qf3 Qf6
35. Qd1 Qe6 36. Rb4 Qc6 37. Qd4+ Qf6 38. Qg4 Ra7 39. Qc8 Ra8 40. Qd7 R8a7 41.
Qg4 Ra8 42. Kf1 R5a6 43. Qd4 Qxd4 44. cxd4 Ra5 45. e4 Rc8 46. Rc3 dxe4 47. Rcxc4
Rca8 48. Ke2 f5 49. Ke3 Kf6 50. Rc6+ Kg5 51. Rbb6 Rg8 52. Ra6 Rxa6 53. Rxa6 Rb8
54. d5 Rb3+ 55. Kd4 Rb2 56. f3 Rd2+ 57. Ke5 e3 58. f4+ Kh6 59. Re6 Rxg2 60. Kf6
Rd2 61. d6 e2 62. Ke7 Kg7 63. d7 g5 64. d8=Q Rxd8 65. Kxd8 g4 66. Rxe2 Kf6 67.
a5 1-0

[Event "Druzynowe Mistrzostwa Polski - II Liga 2023"]
[Site "Jastrzebia Gora"]
[Date "1899-12-30"]
[Round "6.29"]
[White "Redlich, Bogdan"]
[Black "Slezinski, Nikodem"]
[Result "0-1"]
[WhiteTitle "k"]
[BlackTitle "I++"]
[WhiteElo "1788"]
[BlackElo "1970"]

1. d4 Nf6 2. Nf3 c5 3. c3 Qb6 4. dxc5 Qxc5 5. Qd4 Qc7 6. Bg5 Nc6 7. Qa4 g6 8. Bxf6
exf6 9. e3 Bg7 10. Be2 O-O 11. O-O Rb8 12. c4 f5 13. Nc3 Bxc3 14. bxc3 f4 15.
exf4 Qxf4 16. Rfd1 b5 17. Qa3 bxc4 18. Qc5 Re8 19. Bxc4 Ne5 20. Nxe5 Rxe5 21.
Rd5 Re4 22. Rd4 Rxd4 23. Qxd4 Qxd4 24. cxd4 Rb4 25. Rc1 Bb7 26. Bb3 Kf8 27. Rc4
Rb6 28. f3 Ke7 29. Kf2 Kd6 30. Ra4 a6 31. Bxf7 Rb2+ 32. Kg3 Rd2 33. Bg8 h6 34.
Bh7 g5 35. Be4 Bc6 36. Rxa6 Rxd4 37. Kg4 Kc5 38. Kh5 d5 39. Bf5 Rh4+ 40. Kg6 Rxh2
41. g4 d4 42. Be4 Bb5 43. Ra8 d3 44. Kg7 d2 45. Bc2 Be2 46. Rh8 Rh1 47. Rxh6 Rc1
48. Bb3 Bc4 49. Rh2 Bxb3 50. Rxd2 Bd5 51. Rf2 Kd4 52. Kf6 Ke3 53. Rb2 Kf4 54.
Rb4+ Rc4 55. Rb5 Rc6+ 0-1

[Event "Druzynowe Mistrzostwa Polski - II Liga 2023"]
[Site "Jastrzebia Gora"]
[Date "1899-12-30"]
[Round "6.30"]
[White "Hampel, Anna"]
[Black "Posuniak, Weronika"]
[Result "1/2-1/2"]
[WhiteTitle "I++"]
[BlackTitle "k+"]
[WhiteElo "1644"]
[BlackElo "1907"]

1. e4 c5 2. Nf3 d6 3. d4 cxd4 4. Nxd4 Nf6 5. Nc3 a6 6. f3 e5 7. Nb3 Be6 8. Be3
Be7 9. Qd2 O-O 10. O-O-O Qc7 11. g4 Rd8 12. g5 Nh5 13. Nd5 Bxd5 14. Qxd5 Rc8 15.
Kb1 Nd7 16. Bh3 a5 17. Qb5 a4 18. Na1 a3 19. Bxd7 Ra5 20. Qb6 axb2 21. Kxb2 Qc3+
22. Kb1 Rxa2 23. Kxa2 Ra8+ 24. Qa7 Rxa7+ 25. Bxa7 Qa5+ 26. Kb2 Qxa7 27. Nb3 g6
28. h4 Nf4 29. Ra1 Qe3 30. Ra8+ Kg7 31. Re8 Bf8 32. Ra1 Ne2 33. Raa8 Qc3+ 34.
Ka3 Nd4 35. Rxf8 Nxc2+ 36. Ka2 Nb4+ 37. Ka3 Nc2+ 38. Ka2 1/2-1/2

[Event "Druzynowe Mistrzostwa Polski - II Liga 2023"]
[Site "Jastrzebia Gora"]
[Date "1899-12-30"]
[Round "6.31"]
[White "Mondrzycki, Bartlomiej"]
[Black "Chomczyk, Marek"]
[Result "0-1"]
[WhiteTitle "CM"]
[BlackTitle "k++"]
[WhiteElo "2208"]
[BlackElo "2290"]

1. Nf3 Nf6 2. c4 g6 3. Nc3 Bg7 4. e4 d6 5. d4 O-O 6. h3 e5 7. d5 a5 8. g4 Na6 9.
Be3 Nd7 10. a3 Nb6 11. Rg1 Bd7 12. h4 a4 13. g5 Nc5 14. Nd2 f5 15. f3 c6 16. Qe2
cxd5 17. cxd5 Rc8 18. Qh2 fxe4 19. fxe4 Nb3 20. Nxb3 axb3 21. Rd1 Nc4 22. Bxc4
Rxc4 23. Rd2 Qa5 24. Rf1 Rxc3 25. Rxf8+ Bxf8 26. bxc3 Qxc3 27. Kf2 b2 28. Qh1
Qc1 29. Rd1 Qc2+ 30. Kg3 Bb5 31. Rb1 Be7 32. h5 Bd3 33. hxg6 hxg6 34. Rxb2 Qxb2
35. Qh3 Bxe4 36. Qe6+ Kf8 0-1

[Event "Druzynowe Mistrzostwa Polski - II Liga 2023"]
[Site "Jastrzebia Gora"]
[Date "1899-12-30"]
[Round "6.33"]
[White "Cajbel, Maciej"]
[Black "Celinski, Kamil"]
[Result "1-0"]
[WhiteTitle "k"]
[BlackTitle "I++"]
[WhiteElo "2151"]
[BlackElo "1841"]

1. c4 c5 2. Nf3 Nc6 3. g3 g6 4. Bg2 Bg7 5. O-O e5 6. Nc3 d6 7. d3 Nge7 8. a3 a5
9. Rb1 O-O 10. Ne1 Be6 11. Nc2 d5 12. cxd5 Nxd5 13. Ne3 Nde7 14. Nc4 Rb8 15. f4
b5 16. Nxe5 Nxe5 17. fxe5 Bxe5 18. Bh6 Re8 19. Bg5 Qd4+ 20. e3 Qg4 21. Ne4 Qxd1
22. Rfxd1 Ba2 23. Ra1 Bb3 24. Rd2 c4 25. d4 Bg7 26. Nd6 h6 27. Nxe8 Rxe8 28. Bf4
b4 29. axb4 axb4 30. Rc1 Nf5 31. Bc6 Re7 32. d5 c3 33. bxc3 bxc3 34. Rd3 Bc4 35.
Rdxc3 Bxc3 36. Rxc3 Bxd5 37. Bxd5 g5 38. e4 gxf4 39. exf5 Re5 40. Bf3 Rxf5 41.
g4 Rg5 42. Kf2 h5 43. h4 Ra5 44. g5 Ra2+ 45. Kg1 Ra6 46. Bxh5 f6 47. Rc8+ Kg7
48. Rc7+ Kg8 49. g6 Ra5 50. Be2 Ra1+ 51. Kf2 Ra2 52. Kf3 Ra3+ 53. Kxf4 Ra4+ 54.
Bc4+ 1-0

[Event "Druzynowe Mistrzostwa Polski - II Liga 2023"]
[Site "Jastrzebia Gora"]
[Date "1899-12-30"]
[Round "6.34"]
[White "Kaminski, Jan"]
[Black "Zareba, Radoslaw"]
[Result "0-1"]
[WhiteTitle "I++"]
[BlackTitle "k"]
[WhiteElo "1858"]
[BlackElo "2102"]

1. e4 c5 2. Nf3 Nc6 3. d4 cxd4 4. Nxd4 g6 5. Nc3 Bg7 6. Be3 Nf6 7. Bc4 O-O 8. Bb3
Re8 9. h3 d6 10. O-O Na5 11. Re1 b6 12. Qe2 Nxb3 13. axb3 Bb7 14. f3 e5 15. Ndb5
a6 16. Na3 b5 17. b4 d5 18. exd5 Nxd5 19. Nxd5 Qxd5 20. Red1 Qe6 21. c3 f5 22.
Bc5 Rad8 23. Rxd8 Rxd8 24. Rd1 Rxd1+ 25. Qxd1 Qd5 26. Qxd5+ Bxd5 27. Kf2 Kf7 28.
Nb1 Ke6 29. Nd2 Kd7 30. Ke2 Kc6 31. Be3 Bf6 32. Bf2 h5 33. Kd3 Bg5 34. Be3 Bc4+
35. Nxc4 bxc4+ 36. Kd2 Bxe3+ 37. Kxe3 Kb5 38. f4 e4 39. g3 Ka4 40. h4 Kb3 41.
Kd4 Kc2 42. Kxc4 e3 0-1

[Event "Druzynowe Mistrzostwa Polski - II Liga 2023"]
[Site "Jastrzebia Gora"]
[Date "1899-12-30"]
[Round "6.35"]
[White "Stelmaszuk, Maciej"]
[Black "Worobiej, Daniel"]
[Result "0-1"]
[WhiteTitle "I+"]
[BlackTitle "I++"]
[WhiteElo "1944"]
[BlackElo "1927"]

1. d4 d5 2. Nf3 Nf6 3. g3 c6 4. Bg2 Bf5 5. c4 e6 6. O-O Nbd7 7. Nc3 Bd6 8. Nd2
O-O 9. e4 dxe4 10. Ndxe4 Nxe4 11. Nxe4 Nf6 12. Nxd6 Qxd6 13. b3 Rfd8 14. Bb2 a5
15. a4 Be4 16. Re1 Bxg2 17. Kxg2 b5 18. Qc2 bxc4 19. bxc4 Rdb8 20. d5 cxd5 21.
Be5 Qc6 22. Bxb8 dxc4+ 23. Kg1 Rxb8 24. Rab1 Rb4 25. Rec1 c3 26. Rxb4 axb4 27.
a5 Nd5 28. Ra1 Nc7 29. a6 Nxa6 30. Qd3 Nc7 31. Qd8+ Ne8 32. Ra6 Qb5 33. Ra5 c2
0-1

[Event "Druzynowe Mistrzostwa Polski - II Liga 2023"]
[Site "Jastrzebia Gora"]
[Date "1899-12-30"]
[Round "6.36"]
[White "Kopica, Paulina"]
[Black "Zdziarska-zareba, Lidia"]
[Result "0-1"]
[WhiteTitle "k"]
[BlackTitle "k+"]
[WhiteElo "1895"]
[BlackElo "1806"]

1. e4 c5 2. Nf3 Nc6 3. d4 cxd4 4. Nxd4 g6 5. Be2 Bg7 6. Nb3 Nf6 7. Nc3 O-O 8. O-O
a6 9. Re1 b5 10. Bf1 d6 11. Bg5 Re8 12. Qd2 Bb7 13. Rad1 Rc8 14. Nd5 Nxd5 15.
exd5 Ne5 16. c3 Qd7 17. Na5 Rc7 18. Be3 Qg4 19. Be2 Qc8 20. Bd4 Ba8 21. f4 Nd7
22. Bg4 Qb8 23. Bxg7 Kxg7 24. Kh1 Nf6 25. Bf3 Qb6 26. b4 Rec8 27. Rc1 Re8 28.
Qd3 Rec8 29. g4 Qf2 30. Re2 Qh4 31. Qd4 Kg8 32. g5 e5 33. Qd3 Qxf4 34. Rg1 Rxc3
0-1

[Event "Druzynowe Mistrzostwa Polski - II Liga 2023"]
[Site "Jastrzebia Gora"]
[Date "1899-12-30"]
[Round "6.37"]
[White "Banasik, Krzysztof"]
[Black "Niekras, Dawid"]
[Result "0-1"]
[WhiteTitle "k+"]
[BlackTitle "FM"]
[WhiteElo "2211"]
[BlackElo "2298"]

1. d4 Nf6 2. Nf3 g6 3. g3 Bg7 4. Bg2 O-O 5. O-O d5 6. c4 dxc4 7. Na3 Na6 8. Nxc4
c5 9. dxc5 Be6 10. Nce5 Nxc5 11. Be3 Rc8 12. Rc1 Nfe4 13. Qxd8 Rfxd8 14. b3 Bd5
15. h3 b5 16. b4 Na4 17. Rxc8 Rxc8 18. Bxa7 Nac3 19. Re1 Ra8 20. Bd4 Rxa2 21.
Bf1 f6 22. Bxc3 Nxc3 23. Rc1 Nxe2+ 24. Bxe2 Rxe2 25. Rc5 e6 26. Rc8+ Bf8 27. Nd7
Bxf3 28. g4 Kg7 29. Nxf8 h5 0-1

[Event "Druzynowe Mistrzostwa Polski - II Liga 2023"]
[Site "Jastrzebia Gora"]
[Date "1899-12-30"]
[Round "6.38"]
[White "Zakrzewski, Marek"]
[Black "Ciszewski, Krzysztof"]
[Result "1/2-1/2"]
[WhiteTitle "FM"]
[BlackTitle "k"]
[WhiteElo "2306"]
[BlackElo "2055"]

1. e4 c5 2. Nf3 d6 3. d4 cxd4 4. Nxd4 Nf6 5. Nc3 a6 6. Bg5 e6 7. f4 h6 8. Bh4 Qb6
9. a3 Be7 10. Bf2 Qc7 11. Qf3 Nc6 12. Bd3 Bd7 13. O-O Nxd4 14. Bxd4 Bc6 15. Qg3
O-O 16. Kh1 b5 17. Rae1 Qb7 18. e5 dxe5 19. Bxe5 Rad8 20. Nd1 Ne8 21. Bc3 Bf6
22. Bb4 Nd6 23. Ne3 h5 24. Rd1 Qb6 25. Qe1 Rd7 26. f5 e5 27. c4 bxc4 28. Bxc4
Nxc4 29. Nxc4 Rxd1 30. Qxd1 Qb7 31. Qc2 Be4 32. Qe2 Rd8 33. Nd6 Rxd6 34. Bxd6
h4 35. Re1 Bd5 36. h3 Qb3 37. Bxe5 Bxe5 38. Qxe5 Qxh3+ 39. Qh2 Qg4 40. Re3 Qd1+
41. Qg1 Qg4 42. Qh2 Qd1+ 43. Qg1 Qg4 44. Qh2 Qd1+ 1/2-1/2

[Event "Druzynowe Mistrzostwa Polski - II Liga 2023"]
[Site "Jastrzebia Gora"]
[Date "1899-12-30"]
[Round "6.39"]
[White "Budzisz, Adrian"]
[Black "Selbes, Tamer Tarik"]
[Result "0-1"]
[WhiteTitle "k"]
[BlackTitle "FM"]
[WhiteElo "2084"]
[BlackElo "2225"]

1. d4 Nf6 2. c4 g6 3. Nc3 Bg7 4. e4 d6 5. g3 O-O 6. Bg2 c5 7. Nf3 Nc6 8. d5 Na5
9. Nd2 a6 10. a4 e6 11. O-O exd5 12. cxd5 Rb8 13. Rb1 b5 14. axb5 axb5 15. b4
Ng4 16. Bb2 Nc4 17. Nxc4 bxc4 18. b5 Ne5 19. Qc2 h5 20. Ba1 Bd7 21. f4 Ng4 22.
Nd1 Bxa1 23. Rxa1 Qf6 24. Ra6 Qd4+ 25. Kh1 Bxb5 26. Rxd6 c3 27. Nxc3 Bxf1 28.
Bxf1 Ne3 29. Qe2 Qxc3 0-1

[Event "Druzynowe Mistrzostwa Polski - II Liga 2023"]
[Site "Jastrzebia Gora"]
[Date "1899-12-30"]
[Round "6.40"]
[White "Bajerlein, Dawid"]
[Black "Szczesniak, Konrad"]
[Result "0-1"]
[WhiteTitle "k+"]
[BlackTitle "k"]
[WhiteElo "2064"]
[BlackElo "2011"]

1. d4 d5 2. c4 c6 3. Nf3 Nf6 4. Nc3 a6 5. c5 Nbd7 6. Bf4 Nh5 7. Bd2 g6 8. e4 dxe4
9. Nxe4 Bg7 10. Bc4 O-O 11. Qb3 Ndf6 12. Nxf6+ Nxf6 13. O-O Nd5 14. Rfe1 a5 15.
a4 Rb8 16. Ne5 Be6 17. Qg3 Ra8 18. h4 Nc7 19. Bxe6 Nxe6 20. Be3 Nxd4 21. Bxd4
Qxd4 22. Rad1 Bxe5 23. Qxe5 Qxh4 24. Qxe7 Qxa4 25. Rd7 Qc2 26. Rxb7 Rad8 27. Re2
Rd1+ 28. Kh2 Qf5 29. Qe5 Qb1 30. Re7 Rd5 31. Qf6 Rh5+ 32. Kg3 Qh1 33. f3 Rf5 34.
Qd6 Rg5+ 35. Kf4 Qc1+ 36. R2e3 Rxc5 37. Qd7 Rf5+ 38. Kg3 Qxb2 39. Re8 Rxe8 40.
Rxe8+ Kg7 41. Qd8 Kh6 42. Rg8 Rg5+ 43. Kh4 Qf2+ 0-1